000 00283 a2200097 4500
000 nam a22 7a 4500
020 _a9781472450777
100 _aBluff, Elizabeth
245 _aSafe design and construction of machinery : regulation, practice and performance
260 _bAshgate,
_c2015
999 _c85595
_d85595